Top 100 Most Played Video Games - Statistics

General Stats
  • This quiz has been taken 185 times
  • The average score is 9 of 100
Answer Stats
Year Game % Correct
2011 Minecraft
91%
2017 Fortnite
65%
1984 Tetris
53%
2013 Grand Theft Auto V
38%
2016 Overwatch
31%
2006 Roblox
31%
2009 League of Legends
27%
1999 Counter-Strike
25%
1980 Pac-Man
25%
2017 The Legend of Zelda: Breath of the Wild
25%
2017 Player Unknown Battle Grounds
24%
2004 World of Warcraft
21%
2018 Red Dead Redemption 2
20%
2018 Among Us
18%
2019 Apex Legends
18%
2015 ARK: Survival Evolved
18%
2019 Call of Duty: Modern Warfare
18%
2018 God of War
18%
2020 Valorant
18%
2011 Skyrim
16%
2020 Call of Duty: Warzone
15%
2011 Terraria
14%
2013 Dota 2
13%
2017 Fifa 18
13%
2021 Fifa 22
13%
2015 Rocket League
13%
2006 Wii Sports
13%
2017 Brawl Stars
11%
2016 Clash Royale
11%
2011 Portal 2
11%
2007 Team Fortress 2
11%
2012 Candy Crush Saga
9%
2020 Animal Crossing: New Horizons
8%
2013 Battlefield 4
8%
2012 Counter-Strike: Global Offensive
8%
2004 Grand Theft Auto: San Andreas
8%
2015 Tom Clancy's Rainbow Six Siege
8%
2011 Call of Duty: Modern Warfare 3
6%
2008 Mario Kart Wii
6%
2018 Super Smash Bros: Ultimate
6%
2014 The Sims 4
6%
2017 Destiny 2
5%
2016 Forza Horizon 3
5%
2018 Forza Horizon 4
5%
2021 Forza Horizon 5
5%
2013 Rust
5%
2009 Wii Sports Resort
5%
2015 Bloodborne
4%
2017 Super Mario Odyssey
4%
2013 DayZ
3%
2021 Halo Infinite
3%
2014 Hearthstone
3%
2018 Sea of Thieves
3%
2015 The Witcher 3: Wild Hunt
3%
2020 Call of Duty: Black Ops Cold War
2%
2021 It Takes Two
2%
2019 Mortal Kombat 11
2%
2021 NBA 2K22
2%
2020 Phasmophobia
2%
2013 Warframe
2%
2010 World of Tanks
2%
2020 1v1.lol
1%
2020 Assassin's Creed Valhalla
1%
2019 Call of Duty: Mobile
1%
2016 Dead by Daylight
1%
2015 Dying Light
1%
2013 Final Fantasy XIV
1%
2021 Five Nights at Freddy's: Security Breach
1%
2017 For Honor
1%
2020 Friday Night Funkin'
1%
2017 Garena Free Fire
1%
2018 Hades
1%
2020 Half-Life: Alyx
1%
2021 Hitman 3
1%
2018 Krunker
1%
2021 Madden NFL 22
1%
2015 Mini World
1%
2009 New Super Mario Bros. Wii
1%
2022 Pokémon Legends: Arceus
1%
2021 Poppy Playtime
1%
2018 Raid: Shadow Legends
1%
2017 Shell Shockers
1%
2017 surviv.io
1%
2016 Arena of Valor
0%
2013 BeamNG
0%
2018 Descenders
0%
2019 Disco Elysium
0%
1984 Duck Hunt
0%
2017 Escape from Tarkov
0%
2010 GKART
0%
2022 LEGO Star Wars: The Skywalker Saga
0%
2021 Lineage W
0%
2019 Lost Ark
0%
2020 Microsoft Flight Simulator 2020
0%
2016 Mobile Legends
0%
2021 Propnight
0%
2013 Puyopuyo!! Quest
0%
2017 Standoff 2
0%
2019 Total War: Three Kingdoms
0%
2016 Yu-Gi-Oh! Duel Links
0%
No matching quizzes found
Score Distribution
Percent of People with Each Score
Percentile by Number Answered
Your Score History
You have not taken this quiz